| 000 | 00469nam a2200181Ia 4500 | ||
|---|---|---|---|
| 008 | 240925s9999 xx 000 0 und d | ||
| 020 | _aNA | ||
| 082 | _a332.46 LAT | ||
| 100 | _aLatif, Umar | ||
| 245 | 0 | _aEquitable Monetary System and Structure | |
| 250 | _aNA | ||
| 260 |
_aKarachi: _bEconomic forum _c,2002. |
||
| 300 |
_aVarious pages _bNA _fOriginal |
||
| 500 | _aIncludes Bibliography | ||
| 600 | _aSocial Sciences | ||
| 650 | _aSocial Sciences | ||
| 942 | _cBK | ||
| 999 |
_c7576 _d7576 |
||